| 000 | 01228cam a22003374a 4500 | ||
|---|---|---|---|
| 001 | 13080837 | ||
| 003 | OSt | ||
| 005 | 20140310182102.0 | ||
| 008 | 030204s2004 paua c b 001 0 eng | ||
| 010 | _a 2003002386 | ||
| 020 | _a1590845757 (lib. bdg.) | ||
| 020 | _a9781590845752 | ||
| 040 |
_aDLC _cDLC _dDLC |
||
| 042 |
_apcc _alcac |
||
| 050 | 0 | 0 |
_aRC 556 _b.V55 2004 |
| 082 | 0 | 0 |
_aHS 616.85 _b.V83 2004 |
| 100 | 1 |
_aVitale, Ann E. _912797 |
|
| 245 | 1 | 0 |
_aDrug therapy and sexual disorders / _cAnn Vitale |
| 246 | 1 | 8 | _aSexual disorders |
| 260 |
_aPhiladelphia : _bMason Crest Publishers, _cc2004. |
||
| 300 |
_a126 p. : _bill. ; _c24 cm. |
||
| 490 | 1 | _aPsychiatric disorders : drugs and psychology for the mind and body | |
| 650 | 0 |
_aSexual disorders _vJuvenile literature. _912800 |
|
| 650 | 0 |
_aSexual disorders _xChemotherapy _vJuvenile literature. _912801 |
|
| 650 | 1 |
_aSexual disorders. _912802 |
|
| 830 | 0 |
_aPsychiatric disorders _911164 |
|
| 906 |
_a7 _bcbc _corignew _d1 _eecip _f20 _gy-gencatlg |
||
| 942 |
_2lcc _cHS |
||
| 999 |
_c9202 _d9202 |
||